| 000 | 01467cam a2200277 i 4500 | ||
|---|---|---|---|
| 003 | SA-RiAUC | ||
| 005 | 20241030141759.0 | ||
| 008 | 241029s1998 su g b 000 0 ara c | ||
| 040 |
_aSA-JeALM _bara _cSA-RiAUC _erda |
||
| 082 | 0 | 4 | _a215 |
| 090 |
_a215 _b م ع ل |
||
| 100 | 1 |
_aالمعلمي، عبد الرحمن بن يحيى بن علي، _d1313-1386 هجري _eمؤلف. |
|
| 245 | 1 | 0 |
_aعمارة القبور ؛ _b عمارة القبور في الإسلام (المبيضة) و(المسودة) ؛ ويليه يسر العقيدة الإسلامية / _c تأليف عبد الرحمن بن يحيى المعلمي اليماني ؛ تحقيق علي بن محمد العمران وفق المنهج المعتمد من بكر بن عبد الله أبو زيد. |
| 264 | 1 |
_aمكة المكرمة : _bالمكتبة المكية، _c1998 |
|
| 300 |
_a445 صفحة. _c24 سم |
||
| 336 |
_aنص _btxt _2rdacontent _3كتاب |
||
| 337 |
_aبدون وسيط _bn _2rdamedia |
||
| 338 |
_aمجلد _bnc _2rdacarrier |
||
| 490 | 0 |
_aآثار الشيخ العلامة عبد الرحمن بن يحيى المعلمي ؛ _v5 |
|
| 650 | 7 |
_aالمقابر _xزيارة _2aucsh |
|
| 650 | 7 |
_aالمقابر (فقه إسلامي) _2aucsh |
|
| 700 |
_aالعمران، علي بن محمد، _eمحقق. |
||
| 700 |
_aأبو زيد، بكر بن عبد الله، _d 1365-1429 هجري _e مشرف |
||
| 942 |
_2ddc _cBOOK _n0 |
||
| 949 |
_aSA-JeALM _d241029 _ukhaled123 _n1 |
||
| 999 |
_c1934 _d1934 |
||